Statistics for Every Empire that have had territory in Africa(since 1800)

Click here to take the quiz!

General Stats

  • This quiz has been taken 93 times
    (22 since last reset)
  • The average score is 11 of 12

Answer Stats

Answer% Correct
Belgium1885-1962 (European)
100%
Germany1884-1915 (European)
100%
Portugal1418-pressent (European)
100%
Spain1404-pressent (European)
100%
United Kingdom1661-pressent (European)
100%
United States1822-1847 (North America Disputed)
100%
France1626-Pressent (European)
95%
Italy1890-1945/1960 (European)
95%
Netherlands1652-1805 (European Disputed)
95%
Ottoman Empire1517-1912 (Asian)
90%
Russia1889-1889 (European Disputed)
90%
Oman1698-1896 (Asian)
55%

Score Distribution

Percentile by Number Answered

Percent of People with Each Score

Your Score History

You have not taken this quiz since the last reset